Anitta - Versions of Me (Deluxe) (Tracklist) - Statistics

Estatísticas Gerais
  • Esse quiz foi jogado 7 vezes
  • A pontuação média é 14 de 20
Estatísticas das Respostas
Versions of Me (Deluxe) % Correto
13 Versions of Me
100%
12 Boys Don't Cry
80%
2 El Que Espera (feat. Maluma)
80%
6 Envolver
80%
7 Gata (feat. Chencho Corleone)
80%
9 Gimme Your Number (feat. Ty Dolla $ign)
80%
16 Girl From Rio
80%
20 Love Me, Love Me
80%
10 Maria Elegante (feat. Afro B)
80%
19 Me Gusta (feat. Myke Towers, Cardi B)
80%
18 Que Rabão (feat. Papatinho, MC Kevin o Chris, Mr. Catra, YG)
80%
3 Yo No Se (feat. L7NNON, Maffio)
80%
5 DANÇARINA (feat. PEDRO SAMPAIO,Dadju, Mc Pedrinho, Nicky Jam)
60%
17 Faking Love (feat. Saweetie)
60%
8 I'd Rather Have Sex
60%
1 Lobby (feat. Missy Elliott)
60%
4 Practice (feat. A$AP Ferg, HARV)
60%
14 Turn It Up
60%
11 Love You
40%
15 Ur Baby (feat. Khalid)
20%
Nenhum quiz correspondente encontrado
Distribuição das Pontuações
Porcentagem de Pessoas com Cada Pontuação
Percentil de Números Respondidos
Sua Pontuação Histórica
Você não jogou esse quiz